00237nam a2200097Ia 4500008004100000100001300041245003500054260003200089300000800121650001000129190216s9999||||xx |||||||||||||| ||und|| aR.S.Aata 0aHindi-Lokaprakashan Digdarshan bPremkacity Publishersc2010 a590 aHindi